LEADER 01245nam a2200241 i 4500 001 000000165407 003 CaOOAMICUS 005 20071016000000.0 008 071016s1934 it u000 u ita u 013 $a142775 040 $aSeMil$bita 245 10$aSpinoza :$bnel terzo centenario della sua nascita /$cpubblicazione a cura della Facoltà di Filosofia dell'Università Cattolica del Sacro Cuore. 260 $aMilano :$bVita e Pensiero,$c1934. 300 $aV, 210 p., [1] c. di tav. :$bill. ;$c26 cm. 490 0 $aRivista di filosofia neoscolastica : [supplementi] ;$vSuppl. vol.25., agosto 1933 600 14$aSpinoza, Benedetto <1632-1677>.$0(OLS)http://semarc/subject/906 700 1 $aUniversità Cattolica del Sacro Cuore : Facoltà di filosofia.$0(OLS)http://semarc/name/54377 830 0$aRivista di filosofia neoscolastica : [supplementi] ;$vSuppl. vol.25., agosto 1933.$0(OLS)http://semarc/title/24451 850 $aSeMil 852 $aSeMil$W1$xVenegono$y1$m2P VI 342$j116601$B116601$CSeMilBibl$Z2$F127522 $81 961 $aRecupero: Altro 996 $6245$aSpinoza :$bnel terzo centenario della sua nascita$9(OLS)http://semarc/title/236144 996 $6260$aMilano :$bVita e Pensiero$9(OLS)http://semarc/publisher/29642 LEADER 01191nam a2200217 i 4500 001 000000091513 003 CaOOAMICUS 005 20160224000000.0 008 160224n it u000 u ita u 013 $a63755 040 $aSeMil$bita 100 1 $aRomilli, Bartolomeo Carlo,$c.$0(OLS)http://semarc/name/3189 245 10$aOfficia propria ab iis recitanda qui in mediolanensi dioecesi romano ritu utuntur /$ceccellentissimi et reverendissimi d.d. Bartholomaei Caroli comitis Romilli S. Mediolanensis Ecclesiae archiepiscopi jussu edita. 260 $aMediolani :$bEx Typographia Archiepiscopali,$c[18-?] 300 $a266 p. ;$c19 cm. 500 $aRilegate in fine altre Messe proprie dei santi di ed. coeve o posteriori. 650 4$aLibri liturgici - Messale ambrosiano - Proprio dei santi.$0(OLS)http://semarc/subject/9357 850 $aSeMil 852 $aSeMil$W1$xVenegono$y1$m3K I 50 FA$j54462$B54462$CSeMilBibl$Z2$F59114 $8I 996 $6245$aOfficia propria ab iis recitanda qui in mediolanensi dioecesi romano ritu utuntur$9(OLS)http://semarc/title/406086 996 $6260$aMediolani :$bEx Typographia Archiepiscopali$9(OLS)http://semarc/publisher/41922